000 00624nam a22002054a 4500
001 BIBLIOTECA MUNICIPAL DE BARRANCO
007 ta
008 t pe gr 00| 0 spa d
020 _a958-95482-0-2
040 _aBIBLIOTECA MUNICIPAL DE BARRANCO
041 _aspa
043 _cpe
082 _2869.634
_bD69C 1992.
100 _aDiaz Granados, José Luis
245 _aCantoral :
_b(Poesía) /
_cJosé Luis , Diaz Callirgos
250 _a1a.ed.
260 _aBogotá :
_bFundación publicaciones consigna dos mundos ediciones;
_c1992.
300 _a68 p.
_c21 cm.
942 _cBK
_e2025-09-09
_zAAOH
999 _c10974
_d10974